000 01325nam0a2200325 4500
001 RU\NLR\BIBL_A\012599955
005 20211111114254.0
010 _a978-5-7680-2597-7
_91000
021 _aRU
_bКН-П-21-028716
_9КН-П-21-2220
035 _a(NLR Aleph) 012599955
090 _a12579023
_c12579023
100 _a20210922d2020 d y0rusy50 ca
101 0 _akbd
102 _aRU
105 _aca||j||||||
200 1 _aАдыгэ литературэ
_eучеб.-хрестоматие
_e5 кл.
_fБагъ Н. А., Балэ Л. Ф., Агъырбэ З. Т.
205 _a9-е изд.
210 _aНалшык
_cЭльбрус
_d2020
215 _a222,[1] с.
_cпортр., ил.
_d22
541 1 _6z01790
_aКабардинская литература
_eучеб.-хрестоматия
_e5 кл.
_zrus
606 0 _aКабардинская литература
_jХрестоматии для средней школы
_2nlr-sh1
_2nlr-sh2
_3RU\NLR\auth\66378471
686 1 _aШ5(2=К) я72
700 1 _aБагъ
_bН. А.
_4070
701 1 _aБалэ
_bЛ. Ф.
_4070
701 1 _aАгъырбэ
_bЗ. Т.
_4070
790 1 _6z91541
_aБагов
_bН. А.
_gНиколай Алиевич
_4070
852 _aNLR
_bОНЛ
_jКабар./3-1629
942 _cBOOK
980 _aNB